00490nam a2200169 i 4500001000700000003000900007005001700016007000300033008004100036080001700077100002000094245009400114260003800208300004700246710000600293852002100299113865ES-MaACL20251007171216.0t|061121s1953 sp af |||| | spa d a7(09)(075.3)1 aPáez, Rafael.10aDoce lecciones de Historia del Arte / cRafael Páez ; prólogo de Fernando González. aValladolid : bMiñón, c1953. aVIII, 480 p., 60 lám. : bil. ; c22 cm.1 a  aES-MaACLjC-6418